Estudio comparativo entre la obtención de conocimiento de los egresados de los programas de Maestrías Docentes en la Universidad Central del Este (UCE), y la relación de aplicación y producción en los Centros Educativos. San Pedro de Macorís 2006 (Record no. 2369)

MARC details
000 -LEADER
campo de control de longitud fija 02837nam a2200565Ia 4500
001 - NÚMERO DE CONTROL
campo de control 2521
008 - DATOS DE LONGITUD FIJA--INFORMACIÓN GENERAL
campo de control de longitud fija 241029s9999 xx 000 0 und d
010 ## - NÚMERO DE CONTROL DE LA BIBLIOTECA DEL CONGRESO
Número de control de LC 2369
041 ## - CÓDIGO DE IDIOMA
Código de lengua del texto/banda sonora o título independiente Español
082 ## - NÚMERO DE LA CLASIFICACIÓN DECIMAL DEWEY
Número de clasificación 370-037-2006
245 #0 - MENCIÓN DEL TÍTULO
Título Estudio comparativo entre la obtención de conocimiento de los egresados de los programas de Maestrías Docentes en la Universidad Central del Este (UCE), y la relación de aplicación y producción en los Centros Educativos. San Pedro de Macorís 2006
260 ## - PUBLICACIÓN, DISTRIBUCIÓN, ETC.
Lugar de publicación, distribución, etc. San Pedro de Macorís
300 ## - DESCRIPCIÓN FÍSICA
Extensión 55
520 ## - RESUMEN, ETC.
Sumario, etc. 37
520 ## - RESUMEN, ETC.
Sumario, etc. El objetivo principal fue explorar aspectos de la capacitación de docentes que han cursado programas de maestrías y los cambios positivos tangibles que deben generarse por los conocimientos adquiridos en la Universidad Central del Este. La metodología utilizada fue de tipo cualitativa y se fundamento en la investigación, observación cuantitativa, estudios fenomenológicos, estudios de caso. Se trabajo con una población de 40 maestros egresados de maestrías de la Universidad Central del Este. Luego de colectar, procesar, resumir y analizar la información obtenida el estudio agotado fue que existe desvinculación entre los conocimientos adquiridos en las maestrías y la productividad laborar de los maestros.El estudio recomienda que la Universidad Central del Este haga una propuesta clara a la autoridades estatales a fin de ubicar los conocimientos y garantizar la productividad de los egresados. Las recomendaciones para las autoridades educativas fueron que se respete las leyes y reglamentos en cuanto a las oposiciones para optar por un puesto, para así evitar la corrupción y brindar oportunidades a los sujetos y viabilizar los materiales y equipos modernos para su incorporación al trabajo de los docentes.
630 ## - PUNTO DE ACCESO ADICIONAL DE MATERIA--TÍTULO UNIFORME
Título uniforme Centros Educativos
630 ## - PUNTO DE ACCESO ADICIONAL DE MATERIA--TÍTULO UNIFORME
Título uniforme Docentes
630 ## - PUNTO DE ACCESO ADICIONAL DE MATERIA--TÍTULO UNIFORME
Título uniforme Egresados
630 ## - PUNTO DE ACCESO ADICIONAL DE MATERIA--TÍTULO UNIFORME
Título uniforme Formación Profesional de Maestros
650 ## - PUNTO DE ACCESO ADICIONAL DE MATERIA--TÉRMINO DE MATERIA
Término de materia o nombre geográfico como elemento de entrada Formación Docente
690 ## - PUNTO DE ACCESO ADICIONAL DE MATERIA LOCAL--TÉRMINO DE MATERIA (OCLC, RLIN)
Término de materia o nombre geográfico como elemento inicial Elaborado
700 ## - ENTRADA AGREGADA--NOMBRE PERSONAL
Término indicativo de función/relación asesor
Nombre de persona Basora, Olga
700 ## - ENTRADA AGREGADA--NOMBRE PERSONAL
Término indicativo de función/relación autor
Nombre de persona Mendoza, Minerva
700 ## - ENTRADA AGREGADA--NOMBRE PERSONAL
Término indicativo de función/relación autor
Nombre de persona Arias, Gerardina
901 ## - ELEMENTOS DE DATOS A LOCAL LDA (RLIN)
a {"1":" Mendoza","2":" Arias"}
b {"1":"Minerva","2":"Gerardina"}
902 ## - ELEMENTOS DE DATOS B LOCAL, LDB (RLIN)
a 1
903 ## - ELEMENTOS DE DATOS C LOCAL, LDC (RLIN)
a {"1":"Basora"}
b {"1":"Olga "}
904 ## - ELEMENTOS DE DATOS D LOCAL, LDD (RLIN)
a Magíster en
905 ## - ELEMENTOS DE DATOS E LOCAL, LDE (RLIN)
a Educación Superior
906 ## - ELEMENTOS DE DATOS F LOCAL, LDF (RLIN)
a 1
907 ## - ELEMENTOS DE DATOS G LOCAL, LDG (RLIN)
a Mención en
908 ## - COLOCAR PARÁMETRO DE COMANDO (RLIN)
Colocar parámetro de comando Docencia
909 ## -
-- Universidad Central del Este (UCE)
910 ## - DATOS DE OPCIÓN DEL USUARIO (OCLC)
Datos de opción del usuario NULL
-- NULL
911 ## - EQUIVALENCIA O REFERENCIA-CRUZADA-NOMBRE DE CONFERENCIA O REUNIÓN/CONGRESO [LOCAL, CANADÁ]
Nombre de congreso/reunión o jurisdicción como elemento de entrada ["1"]
912 ## -
-- NO APLICA
913 ## -
-- NULL
914 ## -
-- 04 de Septiembre de 2006
915 ## -
-- 01/07/15 09:07
916 ## -
-- NULL
917 ## -
-- NULL
918 ## -
-- NO APLICA
919 ## -
-- ["33","70","85","109"]
921 ## -
-- 2
922 ## -
-- 2
923 ## -
-- 0
924 ## -
-- NO APLICA
942 ## - ELEMENTOS DE ENTRADA SECUNDARIOS (KOHA)
Tipo de ítem Koha

No items available.

© 2024. Todos los Derechos Reservados. Desarrollado por IDEICE